Institut d'Investigacions Econòmiques : la seva actuació, utilitat dels seus serveis, les seves possibilitats la seva actuació, utilitat dels seus serveis, les seves possibilitats
Descripción Física:
39 p., il. ; 15'5 cm
Materias:
Institut d'Investigacions Econòmiques
MARC
| LEADER | 00000nam a2200000Ia 4500 | ||
|---|---|---|---|
| 001 | 6127 | ||
| 008 | 160829s9999 xx 000 0 cat d | ||
| 080 | |a RF-1-6 | ||
| 110 | 2 | |a Institut d'Investigacions Econòmiques |9 56303 | |
| 245 | |a Institut d'Investigacions Econòmiques : |b la seva actuació, utilitat dels seus serveis, les seves possibilitats | ||
| 260 | |a Barcelona : |b Imp. Altés, [1935] | ||
| 300 | |a 39 p., il. ; |c 15'5 cm | ||
| 590 | |a Prové de S-445, exp. 10. | ||
| 590 | |a Hi ha un duplicat amb R. 8211: DUP-21-5 | ||
| 650 | |a Institut d'Investigacions Econòmiques | ||
| 856 | 4 | |u https://media.diba.cat/diba/fitxers/arxiu/fulletons/bib_6127_baixa.pdf |y Accés lliure | |
| 856 | 4 | |u https://media.diba.cat/diba/fitxers/arxiu/fulletons/bib_6127_baixa.pdf |y Accés lliure | |
| 901 | |a Arxiu | ||
| 942 | |n 1 |2 udc | ||
| 952 | |0 0 |1 0 |4 0 |6 RF16 |7 1 |9 53703 |a Arxiu |b Arxiu |d 2016-12-01 |l 0 |o RF-1-6 |p 6127 |r 2016-12-01 00:00:00 |w 2016-12-01 |y ARXIU | ||
| 999 | |c 57569 |d 57569 | ||
| 900 | |a bib_6127_baixa.pdf | ||